| 000 | 01933nam0a2200337 4500 | ||
|---|---|---|---|
| 001 | RU\NLR\BIBL_A\011977226 | ||
| 005 | 20190416140052.0 | ||
| 010 |
_a978-5-6040987-7-6 _bСО РАН |
||
| 010 |
_a978-5-7692-1622-0 _bИзд-во СО РАН _9100 |
||
| 021 |
_aRU _bКН-П-19-016288 _9КН-П-19-1223 |
||
| 035 | _a(NLR Aleph) 011977226 | ||
| 035 | _a(RuMoRGB)009912806 | ||
| 090 |
_a11289348 _c11289348 |
||
| 100 | _a20190401d2018 k y0rusy50 ca | ||
| 101 | 0 | _arus | |
| 102 | _aRU | ||
| 105 | _aah||z|||000zy | ||
| 200 | 1 |
_aСеяные луговые формации при биологической рекультивации нарушенных земель на Енисейском Севере _e[монография] _fА. Х. Сариев _gответственный редактор кандидат сельскохозяйственных наук Е. В. Марцеха _gРоссийская академия наук, Сибирское отделение, Научно-исследовательский институт сельского хозяйства и экологии Арктики |
|
| 210 |
_aНовосибирск _cИзд-во Сибирского отделения Российской академии наук _d2018 |
||
| 215 |
_a106, [2] с. _cил., цв. ил., факс. _d24 |
||
| 300 | _aНа 4-й с. обл. авт.: Сариев А. Х. - к.с.-х.н. | ||
| 320 | _aБиблиогр.: с. 90-96 | ||
| 606 | 1 |
_aБиологическая рекультивация земель _xПрименение травосеяния _yЕнисейский Север _92407195 _3RU\NLR\AUTH\6601653840 |
|
| 686 | 1 | _aП065(2Р54,1) | |
| 686 | 1 | _aП223-4(2Р54,1) | |
| 700 | 1 |
_aСариев _bА. Х. _gАбибулла Ханбиевич |
|
| 942 | _cBOOK | ||
| 980 | _aNBR | ||
| 980 | _aNB | ||